| 000 | 00769nam a2200241Ia 4500 | ||
|---|---|---|---|
| 003 | GCL | ||
| 005 | 20240530105407.0 | ||
| 008 | 140319s9999 xx 000 0 ara d | ||
| 040 |
_aGCL / _cGCL |
||
| 082 | 0 | 4 |
_a327.11 _bس ح |
| 100 | 0 | _aسعد البزاز | |
| 245 | 1 | 0 |
_aحرب تلد اخرى : التاريخ السرى لحرب الخليج / _cسعد البزاز |
| 260 |
_a[S.N] : _bالاهلية للنشر والتوزيع ، _c1992 |
||
| 300 | _a504 ص | ||
| 650 | 0 | 4 | _aالكويت |
| 650 | 0 | 4 | _aالعراق |
| 650 | 0 | 4 | _aالسياسة الدولية |
| 650 | 0 | 4 | _aالسعودية |
| 650 | 0 | 4 | _aالعلاقات الخارجية |
| 650 | 0 | 4 | _aالدبلوماسية |
| 650 | 0 | 4 | _aالنظام العالمى الحديث |
| 942 |
_2ddc _cBK |
||
| 999 |
_c55595 _d55595 |
||